Normal view
MARC view
- TECHNOLOGY OF TANKS.TANKS TECHNOLOGY
Entry Topical Term
001 - CONTROL NUMBER
- control field: 60423
003 - CONTROL NUMBER IDENTIFIER
- control field: NUST
005 - DATE AND TIME OF LATEST TRANSACTION
- control field: 20210628202538.0
008 - FIXED-LENGTH DATA ELEMENTS
- fixed length control field: 210628|| aca||aabn | a|a d
040 ## - CATALOGING SOURCE
- Original cataloging agency: NUST
- Transcribing agency: NUST
150 ## - HEADING--TOPICAL TERM
- Topical term or geographic name entry element: TECHNOLOGY OF TANKS.TANKS TECHNOLOGY
670 ## - SOURCE DATA FOUND
- Source citation: Work cat.: (NUST): Ogorkiewicz, Richard M 60422, Technology of tanks - ii
